000 00573nam a2200181 i 4500
001 72999
003 ES-MaACL
005 20250808034525.0
007 t|
008 040906s1977 sp ||||1| spa d
100 1 _aGómez de Armijo, Tomás.
_957883
245 1 0 _a¡Derribad al verdugo!
_b: (reflexiones en torno a la pena de muerte) /
_cTomás Gómez de Armijo.
260 _a[Madrid] :
_bA. Q.,
_c[1977]
300 _a234 p., 1 lám. ;
_c21 cm.
650 0 7 _aPena de muerte
_2embne
_915915
852 _aES-MaACL
_jC-38916
_bR.99693
999 _c72999
_d72999